The realism of Jesus. (Record no. 7417)

000 -LEADER
fixed length control field 00622nam a2200181 a 4500
001 - CONTROL NUMBER
control field :::00005178$&:&@@
003 - CONTROL NUMBER IDENTIFIER
control field OkBaRHE
005 - DATE AND TIME OF LATEST TRANSACTION
control field 20000607103323.0
008 - FIXED-LENGTH DATA ELEMENTS--GENERAL INFORMATION
fixed length control field j 000 0 eng u
040 ## - CATALOGING SOURCE
Transcribing agency
100 1# - MAIN ENTRY--PERSONAL NAME
Personal name Findlay, J. Alexander (James Alexander), 1880-
245 14 - TITLE STATEMENT
Title The realism of Jesus.
Statement of responsibility, etc A paraphrase and exposition of the Sermon on the Mount.
260 ## - PUBLICATION, DISTRIBUTION, ETC. (IMPRINT)
Place of publication, distribution, etc London, UK:EN., :
Name of publisher, distributor, etc Hodder and Stoughton
Date of publication, distribution, etc nd
300 ## - PHYSICAL DESCRIPTION
Extent 240 p. ;
Dimensions 21 cm.
650 ## - SUBJECT ADDED ENTRY--TOPICAL TERM
Topical term or geographic name as entry element Sermon On The Mount
942 ## - ADDED ENTRY ELEMENTS (KOHA)
Source of classification or shelving scheme
Koha item type Books
Copies
Source of classification or shelving scheme Not for loan Shelving location Damaged status Price effective from Lost status Copy number Date acquired Date last seen Full call number Withdrawn status Barcode Koha item type Permanent Location
  General Stacks 2010-04-14 12010-04-142010-04-14BT 380.2 .F522 5178BooksRHEMA Bible Training College